00639 2200193 4500001002100000005001700021008004100038035002500079082001300104090002100117100001300138245008400151260010300235300002800338500002500366650003000391850001200421990001200433YOGYA-0209000006000020150706091320.0 ind  a0010-020900000060000 a499.2086 a499.2086 Soe . B aSOEWARNO aBerkibarlah benderaku :bbacaan populer untuk tingkat Sekolah Dasar /cSoewarno aJakartabProyek Penulisan dan Penerbitan Buku/Majalah Pengetahuan Umum dan Profesi Depdikbudc1982 a91 hlm :bilus ;c21 cm aBibliografi : hlm 91 aBahasa Indonesia - bacaan aYOPDYOG a59861-a